000
00304nam a22001337a 4500
020
_a
818929731-7
082
_a
920
_b
BAL/J
100
_a
BALASUBRAMANIAM,S
245
_a
JAWAHARLAL NEHRU
260
_a
INDIA
_b
VIJAY GOEL
300
_a
143
650
_a
LIFE & WORKS OF JAWAHARLAL NEHRU
_z
DELHI
942
_c
BK
999
_c
5588
_d
5588